000 00485nam a2200193Ia 4500
005 20240823042714.0
008 240823s9999||||xx |||||||||||||| ||und||
020 _a81-219-0445-5
041 _aENGLISH
082 _A660.6 P2
100 _aRanganathan T S
245 0 _aTextbook of Human Anatomy
250 _a1st
260 _c2002
_bInstitute of Medical Sciences & Res
500 _aTRANSFERED
650 _aHuman Anatomy
_bBio Medical Engg.
942 _cBK
999 _c208496
_d208496